Novoje učenie o geosinklinaljach i jevo primenenie k ukrainskim karpatam

Bibliographic Details
Main Authors: Danilovič Ľudmila Grigorjevna (Author), Dolenko Grigorij Nazarovič (Author)
Format: Article
Language:Russian

MARC

LEADER 00000nab a2200000ua 4500
001 vtls010847688
003 SK-MaSNL
005 20260303135919.0
008 230218s1976 xo |||||||||||||||||rus|
035 |a (urnnbn)urn:nbn:sk:snk:ar-a077in 
035 |a urn:nbn:sk:snk-ab68sk 
035 |a (uuid)0c0f0552-c1af-481f-b875-2e6f97d1b2d4 
040 |a SNKBUCL  |b slo  |c SNKBUCL  |e AACR2 
041 0 |a rus 
044 |a xo  |c SK 
100 1 |a Danilovič Ľudmila Grigorjevna  |4 aut  |9 1157680 
245 1 0 |a Novoje učenie o geosinklinaljach i jevo primenenie k ukrainskim karpatam  |c Danilovič Ľudmila Grigorjevna, Dolenko Grigorij Nazarovič 
700 1 |a Dolenko Grigorij Nazarovič  |4 aut  |9 1155723 
773 0 |t Geologický zborník  |g Roč. 27, č. 1 (1976), s. 1-9 
958 |a OND 
958 |a EUIPO 
958 |a article5 
999 |c 1968809  |d 1970739